000 00639nam a2200217Ia 4500
005 20241129110941.0
008 241129s9999||||xx |||||||||||||| ||und||
020 _a978-1-350-23977-7
037 _aTB
040 _aCRL
_beng
_cCRL
041 _aeng
_2eng
084 _aV2.N R1
_qCRL
100 _aGoswami Manu Ed.; Sinha Mrinalini Ed.
_9722915
245 0 _aPolitical imaginaries in twentieth century India
_cGoswami Manu Ed.; Sinha Mrinalini Ed.
260 _aLondon, UK
_bBloomsbury
_c2021
300 _aviii,306p.
365 _aUKP
_b85
650 _aIndian History
942 _cTB
_hV2.N R1
999 _c1228240
_d1228240